| 000 | 00553nam a22001817a 4500 | ||
|---|---|---|---|
| 999 |
_c40601 _d40601 |
||
| 003 | OSt | ||
| 005 | 20210122120847.0 | ||
| 008 | 191014b ||||| |||| 00| 0 eng d | ||
| 020 | _a9789352606238 | ||
| 040 | _coclc | ||
| 082 |
_a172.2 _bKAR/E |
||
| 100 |
_aKarthikeyan, M _98363 |
||
| 245 |
_aEthics Integrity and Aptitude _bFor Civil Services Main Examinations / _cM Karthikeyan |
||
| 250 | _a2nd Ed. | ||
| 260 |
_aChennai: _bMcGraw Hill Education, _c2017. |
||
| 300 | _a508p | ||
| 942 |
_2ddc _cREF _h172.2 _iKAR/E _k172.2 _mKAR/E |
||